INTERNATIONAL RELATIONS (Record no. 33215)

MARC details
000 -LEADER
fixed length control field 00349nam a22001457a 4500
003 - CONTROL NUMBER IDENTIFIER
control field SGT
020 ## - INTERNATIONAL STANDARD BOOK NUMBER
International Standard Book Number 9789364446310
082 ## - DEWEY DECIMAL CLASSIFICATION NUMBER
Classification number 327
Item number KUM
100 ## - MAIN ENTRY--PERSONAL NAME
Personal name KUMAR ASHOK
245 ## - TITLE STATEMENT
Title INTERNATIONAL RELATIONS
Remainder of title FOR CIVIL SERVICES & STATE SERVICES EXAMINATIONS
250 ## - EDITION STATEMENT
Edition statement 2
260 ## - PUBLICATION, DISTRIBUTION, ETC. (IMPRINT)
Place of publication, distribution, etc CHENNAI
Name of publisher, distributor, etc MCGRAW HILL
Year of Publication 2026
300 ## - PAGE DESCRIPTION
No. of Pages 325
942 ## - ADDED ENTRY ELEMENTS (KOHA)
Source of classification or shelving scheme Dewey Decimal Classification
Koha item type Books
Holdings
Withdrawn status Lost status Source of classification or shelving scheme Damaged status Not for loan Collection code Home library Current library Shelving location Date acquired Cost, normal purchase price SGTU Full call number Accession No. (Barcode) Date last seen Bill Date Koha item type Total Checkouts Date last borrowed
    Dewey Decimal Classification   Not For Loan LAW SGT Science & Social Sciences Library SGT Science & Social Sciences Library Reference Book 27/11/2025 425.00 SGTU 327 KUM FL3886 27/11/2025 27/11/2025 Books    
    Dewey Decimal Classification     LAW SGT Science & Social Sciences Library SGT Science & Social Sciences Library Text Book 27/11/2025 425.00 SGTU 327 KUM FL3887 06/05/2026 27/11/2025 Books 1 21/04/2026
    Dewey Decimal Classification     LAW SGT Science & Social Sciences Library SGT Science & Social Sciences Library Text Book 27/11/2025 425.00 SGTU 327 KUM FL3888 27/11/2025 27/11/2025 Books